000 00253 a2200097 4500
001 52657
100 _aEncyclopedia Britannica Inc
245 _aEncyclopedia Britannica 1983
260 _aChicago
_bEncyclopedia Britannica Inc
_c
090 _c33127
_d33127
942 _aNUST-CAE
_cM
_c25700
999 _c287730
_d287730